00940nam a2200217 i 4500001000300000100002400003245012800027260003600155300002800191490007000219504004100289650004300330650004500373650005800418830005800476040000800534041000800542080003300550008004100583856009800624bg1 aSKLIŃSKI, Ryszard10aZagrożenie porażeniowe powodowane pracą stacji elektroenergetycznych w aglomeracjach miejskich /cRyszard Skliński. aBiałystok :bWydaw. PB,c2002. a211 s. :bil. ;c23 cm.1 aRozprawy Naukowe / Politechnika Białostocka,x0867-096X ;vnr 89 aBibliogr., wykaz norm i przepisów. 9aMiastaxelektroenergetykaxzagadnienia 9aRażenie prądem elektrycznymxbadanie 9aStacje elektroenergetycznexbezpieczeństwoxbadanie 0aRozprawy Naukowe (Politechnika Białostocka) ;vnr 89 cBPK0 apol a614.8:621.311:621.316](1-21) s pl f |000 0 pol  uhttp://koha.tu.koszalin.pl/cgi-bin/koha/opac-detail.pl?biblionumber=43094yKatalog online BPK